000 00285nam a22001337a 4500
008 181217b xxu||||| |||| 00| 0 eng d
020 _a2740352224294
041 _aeng
080 _27 TH
_a004
100 _a36
101 _aSHK
245 _aPractical Pc
_cOja.P
942 _2udc
_cBK
999 _c53275
_d53275